Statistical control by monitoring and feedback adjustment

Kaydedildi:
Detaylı Bibliyografya
Asıl Yazarlar: Box, George Edward Pelham (Yazar), Luceño, Alberto (Yazar)
Materyal Türü: Kitap
Dil:İngilizce
Baskı/Yayın Bilgisi: Nueva York Wiley 1997
Seri Bilgileri:Wiley Series in Probability and Statistics
Konular:
Etiketler: Etiketle
Etiket eklenmemiş, İlk siz ekleyin!

MARC

LEADER 00000nam a2200000 a 4500
001 UCQ3480
003 CL-VaPUC
008 980821e19970000US |||||||||||||||||eng|d
082 0 4 |a 629.8  |b BOX  |2 21 
100 |a Box, George Edward Pelham  |e author  |9 470793 
700 0 |a Luceño, Alberto  |e author  |9 417672 
245 1 0 |a Statistical control by monitoring and feedback adjustment 
300 |a 327 p 
942 |c BK 
945 |d 19980821 00:00:00  |a mvenant 
260 |a Nueva York  |b Wiley  |c 1997 
650 0 |a Estadística matemática  |9 260028 
650 7 |a CONTROL DE SISTEMAS  |2 CL-VaPUC  |9 352951 
650 7 |a REALIMENTACION  |2 CL-VaPUC  |9 361754 
650 0 |a Control de procesos  |9 259880 
583 |a last modification  |c 19980821 00:00:00  |k Rodrigo Vera 
490 0 |a Wiley Series in Probability and Statistics 
999 |c 274052  |d 274050 
952 |0 0  |1 0  |4 0  |6 629_800000000000000_BOX_1997  |7 0  |8 A  |9 310106  |a BIBGIM  |b BIBGIM  |d 2019-11-20  |i 3455750  |o 629.8 BOX 1997  |p 3455750  |r 2025-01-15  |w 2019-11-20  |y BK  |k EST